Medical-surgical nursing / (Record no. 60391)
[ view plain ]
| 000 -LEADER | |
|---|---|
| fixed length control field | 00605nam a22001937a 4500 |
| 005 - DATE AND TIME OF LATEST TRANSACTION | |
| control field | 20260423062000.0 |
| 008 - FIXED-LENGTH DATA ELEMENTS--GENERAL INFORMATION | |
| fixed length control field | 260423b |||||||| |||| 00| 0 eng d |
| 020 ## - INTERNATIONAL STANDARD BOOK NUMBER | |
| International Standard Book Number | 9781111138592 |
| 050 ## - LIBRARY OF CONGRESS CALL NUMBER | |
| Classification number | RT81.6 |
| Item number | .A55 2012 |
| 100 ## - MAIN ENTRY--PERSONAL NAME | |
| Personal name | Ankner, Gina M. |
| 245 ## - TITLE STATEMENT | |
| Title | Medical-surgical nursing / |
| Remainder of title | Gina M. Ankner ; |
| 250 ## - EDITION STATEMENT | |
| Edition statement | 2nd ed. |
| 260 ## - PUBLICATION, DISTRIBUTION, ETC. (IMPRINT) | |
| Place of publication, distribution, etc | Clifton Park, NY : |
| Name of publisher, distributor, etc | Delmar Cengage Learning, |
| Date of publication, distribution, etc | 2012. |
| 300 ## - PHYSICAL DESCRIPTION | |
| Extent | xvii, 296 p. : |
| Other physical details | ill. ; |
| Dimensions | 23 cm. |
| 500 ## - GENERAL NOTE | |
| General note | Includes bibliographical references and index. |
| 650 ## - SUBJECT ADDED ENTRY--TOPICAL TERM | |
| Topical term or geographic name as entry element | Surgical nursing |
| 700 ## - ADDED ENTRY--PERSONAL NAME | |
| Personal name | Ahlschlager, Patricia M. |
| 942 ## - ADDED ENTRY ELEMENTS (KOHA) | |
| Source of classification or shelving scheme | Library of Congress Classification |
| Item type | Book |
| Withdrawn status | Lost status | Source of classification or shelving scheme | Damaged status | Not for loan | Collection code | Home library | Current library | Shelving location | Date acquired | Source of acquisition | Cost, normal purchase price | Total Checkouts | Full call number | Barcode | Date last seen | Copy number | Price effective from | Koha item type |
|---|---|---|---|---|---|---|---|---|---|---|---|---|---|---|---|---|---|---|
| Library of Congress Classification | Not For Loan | Non-fiction | Bishop Okullu Memorial Library (Limuru Campus) | Bishop Okullu Memorial Library (Limuru Campus) | Processing Center | 23/04/2026 | Donations-Pittsburg | 1500.00 | RT81.6 .A55 2012 | 073367 | 23/04/2026 | 1 | 23/04/2026 | Book |